[Event "Padova Fornace op 4th"]
[Site "Padova"]
[Date "2001.12.16"]
[Round "2.14"]
[White "Viaggi, Stefano"]
[Black "Calicchia, Giovanni"]
[Result "1-0"]
[WhiteElo "1764"]
[BlackElo "1600"]
[PlyCount "49"]
[EventDate "2001.12.15"]
[EventType "swiss"]
[EventRounds "6"]
[EventCountry "ITA"]
[SourceTitle "EXT 2024"]
[Source "ChessBase"]
[SourceDate "2023.10.10"]
[SourceVersion "1"]
[SourceVersionDate "2023.10.10"]
[SourceQuality "1"]

1. Nf3 Nf6 2. d4 d6 3. Bf4 g6 4. Nc3 Bg7 5. e4 Nbd7 6. Qd2 0-0 7. 0-0-0 c6 8. e5 Ne8 9. Bh6 Qa5 10. Bxg7 Nxg7 11. Re1 b5 12. Kb1 Re8 13. Bd3 Nf8 14. h4 Bg4 15. Ng5 h5 16. Qf4 Be6 17. exd6 b4 18. Rxe6 f6 19. Rxe7 Rxe7 20. dxe7 fxg5 21. exf8Q+ Rxf8 22. Bc4+ Kh7 23. Qxf8 bxc3 24. Qg8+ Kh6 25. Qh8# 1-0